Т. 6 : Я отвечаю за все; Собрание сочинений

Podrobná bibliografie
Parent link:Собрание сочинений: в 6 т./ Ю. П. Герман. Т. 6 : Я отвечаю за все.— , 1975-
Shrnutí:Исключено из фонда НТБ ТПУ
Jazyk:ruština
Vydáno: 1977
Médium: MixedMaterials Kniha
KOHA link:https://koha.lib.tpu.ru/cgi-bin/koha/opac-detail.pl?biblionumber=167223

MARC

LEADER 00000nam2a2200000 4500
001 167223
005 20231031162734.0
035 |a (RuTPU)RU\TPU\book\181412 
035 |a RU\TPU\book\181411 
090 |a 167223 
100 |a 20091014d1977 m y0rusy50 ca 
101 0 |a rus 
102 |a RU 
105 |a a z 000zy 
200 0 |a Т. 6 : Я отвечаю за все 
210 |d 1977 
215 |a 719 с.  |c ил. 
333 |a Исключено из фонда НТБ ТПУ 
461 1 |0 (RuTPU)RU\TPU\book\181324  |t Собрание сочинений  |o в 6 т.  |f Ю. П. Герман  |v Т. 6 : Я отвечаю за все  |d 1975- 
801 1 |a RU  |b 63413507  |c 20091013 
801 2 |a RU  |b 63413507  |c 20220429  |g RCR 
942 |c BK